[Event "Toronto int"]
[Site "Toronto"]
[Date "1984.07.27"]
[Round "8"]
[White "Kong, David"]
[Black "Vucko, Ignac"]
[Result "1-0"]
[WhiteElo "1670"]
[BlackElo "1785"]
[PlyCount "117"]
[EventDate "1984.07.21"]
[EventType "tourn"]
[EventRounds "10"]
[EventCountry "CAN"]
[SourceTitle "EXT 2022"]
[Source "ChessBase"]
[SourceDate "2021.10.06"]
[SourceVersion "1"]
[SourceVersionDate "2021.10.06"]
[SourceQuality "1"]

1. e4 e6 2. d4 d5 3. Nd2 Nf6 4. e5 Nfd7 5. Bd3 c5 6. c3 Nc6 7. Ngf3 Qb6 8. dxc5 Bxc5 9. Qe2 Qc7 10. Nb3 Ncxe5 11. Nxe5 Bxf2+ 12. Qxf2 Nxe5 13. Be2 Ng6 14. Qc5 Qe5 15. Qd4 b6 16. Qxe5 Nxe5 17. Bf4 Ng6 18. Bb5+ Bd7 19. Bxd7+ Kxd7 20. Bg3 f5 21. Rf1 Rhf8 22. 0-0-0 f4 23. Bf2 Kd6 24. a4 e5 25. a5 e4 26. Bd4 e3 27. Rfe1 Rf7 28. axb6 axb6 29. Kc2 Nh4 30. g3 Nf3 31. Re2 g5 32. Bxb6 Kc6 33. Bd4 Re8 34. gxf4 gxf4 35. Rf1 Ng5 36. h4 Ne4 37. Rf3 Ree7 38. Na5+ Kb5 39. b4 Nd2 40. Rxd2 exd2 41. Kxd2 Re6 42. Kd3 Rh6 43. Bf2 Rhf6 44. Nb3 Rg7 45. Kd4 Rf5 46. Kd3 Rff7 47. Nd4+ Ka6 48. b5+ Ka5 49. b6 Rg4 50. Ne6 Ka6 51. Nc7+ Kb7 52. Nxd5 Kc6 53. c4 Rf8 54. Nb4+ Kb7 55. c5 Ra8 56. c6+ Kb8 57. Kc4 h5 58. Bc5 Ra7 59. bxa7+ 1-0